ნორმალური ფორმატი
MARC ფორმატი
ჩანაწერი Corporate Name
ჩანაწერთა რაოდენობა, რომელიც გამოყენებულია: 1
001 - CONTROL NUMBER
- control field: 24772
003 - CONTROL NUMBER IDENTIFIER
- control field: GE_BSU
005 - DATE AND TIME OF LATEST TRANSACTION
- control field: 20250411160340.0
008 - FIXED-LENGTH DATA ELEMENTS
- fixed length control field: 250411|| aca||aabn | a|a d
040 ## - CATALOGING SOURCE
- Original cataloging agency: GE_BSU
- Transcribing agency: GE_BSU
110 ## - HEADING--CORPORATE NAME
- Corporate name or jurisdiction name as entry element: საქართველოს სსრ მეცნიერებათა აკადემია
- Subordinate unit: რუსთაველის სახ. ქართული ლიტერატურის ისტორიის ინსტიტუტი.
670 ## - SOURCE DATA FOUND
- Source citation: Work cat.: (GE_BSU)48981: ჭავჭავაძე, ი. (ილია, 1837-1907) 7595, თხზულებათა სრული კრებული :
